Music Quiz

Random Music or Lyrics Quiz

Taylor Swift Songs by Opening Lyrics II Quiz Stats

 Plays Quiz Updated Aug 14, 2013

Score 0/25 Timer 06:00
4 Plays Today
Lyrics Song % Correct
It feels like a perfect night to dress up like hipsters...22
92.6%
You, with your words like knives and swords and weapons that you use against me...Mean
88.6%
I remember when we broke up (the first time)...We Are Never Ever Getting Back Together
80.9%
You take a deep breath and you walk through the doors...Fifteen
78.8%
Once upon a time a few mistakes ago, I was in your sights, you got me alone...I Knew You Were Trouble
76.5%
You were in college working part time waiting tables...Mine
75.4%
Loving him is like driving a new Maserati down a dead-end street...Red
74.8%
I'm so glad you made time to see me...Back to December
64.8%
There's somethin' 'bout the way the street looks when it's just rained...Fearless
60%
Took a deep breath in the mirror, he didn't like it when I wore high heels...Begin Again
54.8%
Everybody's waiting. Everybody's watching. Even when you're sleeping, keep your eyes open...Eyes Open
54.4%
There I was again tonight; forcing laughter, faking smiles...Enchanted
53.2%
I'm pretty sure we almost broke up last night...Stay Stay Stay
49.7%
Lyrics Song % Correct
Your little hand's wrapped around my finger...Never Grow Up
47.9%
You and I walk a fragile line, I have known it all this time...Haunted
45.4%
It's strange to think the songs we used to sing...Should've Said No
45.2%
I said remember this moment, in the back of my mind...Long Live
44.1%
New to town with a made up name in the angel city...The Lucky One
40.8%
I walked through the door with you, the air was cold...All Too Well
38.2%
Long were the nights when my days once revolved around you...Dear John
38%
I remember tears streaming down your face when I said, 'I'll never let you go'...Safe and Sound
37.7%
I'm walking fast through the traffic lights...State of Grace
33.4%
I took a chance, I took a shot...Tell Me Why
32.9%
Long handwritten note deep in your pocket...Sad Beautiful Tragic
25.7%
Last night I heard my own heart beating...If This Was a Movie
25.1%

You're not logged in!

Compare scores with friends on all Sporcle quizzes.
OR
Log In

Sporcle TV

Today on Sporcle TV


Watch our educational content, quiz creation guides, and fun videos on Sporcle TV.

Show Comments

Extras

Top Quizzes Today


Score Distribution

Your Account Isn't Verified!

In order to create a playlist on Sporcle, you need to verify the email address you used during registration. Go to your Sporcle Settings to finish the process.

Report this User

Report this user for behavior that violates our Community Guidelines.

Details: